000
00343nam a2200157Ia 4500
100
_a
Thampi/G.T/ Mantha/S.S
650
_a
C++
942
_c
BK
366
_f
25
245
_a
Object oriented programming in C++
260
_b
Dreamtech Press
_c
2010
082
_a
5.133
_b
THA
300
_a
726
546
_a
ENGLISH
_c
PAMPHALETS
999
_c
19596
_d
19596